Score 0/9 Timer 01:00
0 Plays Today
% Correct
Poland
91.8%
Czechia
88.1%
France
83.2%
Switzerland
81.3%
Austria
79.9%
Netherlands
75.6%
Luxembourg
74.6%
Belgium
73.9%
Denmark
73.4%
Remove Ads.
Support Sporcle.
Get the best of Sporcle when you Go Orange. This ad-free experience offers more features, more stats, and more fun while also helping to support Sporcle. Thank you for becoming a member.

You're not logged in!

Compare scores with friends on all Sporcle quizzes.
OR
Log In

Show Comments

Extras

Top Quizzes Today


Score Distribution

Your Account Isn't Verified!

In order to create a playlist on Sporcle, you need to verify the email address you used during registration. Go to your Sporcle Settings to finish the process.

Report this User

Report this user for behavior that violates our Community Guidelines.

Details: